000 00850nam a2200229Ii 4500
003 JO-AjNU
008 230605s9999||||xx |||||||||||||| ||und||
017 _a2007/2/419
020 _a9957-16-346-7
040 _aJO-AjNU
_bara
_erda
_cJO-AjNU
041 _aara
050 1 4 _aK7340.K56.2009
100 3 _a الكيلاني ، محمود ,
_eauthor
_925482
245 0 0 _aالموسوعة التجارية والمصرفية : المجلد الرابع -عمليات البنوك " دراسة مقارنة "
250 _aط1
264 3 1 _aعمان : دار الثقافة ، 2009
300 _aمج4، 448ص
_bيشتمل على المراجع ص ( 445 - 448 )
336 _atext
_btxt
_2rdacontent
337 _aunmediated
_bn
_2rdamedia
338 _avolume
_bnc
_2rdacarrier
650 4 _aالقانون التجاري -- البنوك
_925483
999 _aA9536
_c13104
_d13104